00611nam a2200181 a 450000100100000000500170001000800410002702000180006804000250008624500720011125000120018326000380019530000210023350400190025470000340027395201050030799900170041200004077220201002034352.0130906s2012 sp 000 0 spa d a9788478842001 aDO-SdBNPbspacBNPHU03aLa reforma educacional Chilena /cJuan Eduardo García ...[et.al]. a2a. ed. aMadrid :bEditora Popular,c2012. a335 p. ;c25 cm. aBibliografía1 aGarcía, Juan Eduardo967180 001050718MOaGRbGRcCTd2013-09-06iLF1l0o p40772-10r2020-06-25w2020-06-25y1ZNo se presta c40262d40262